La política cultural de las emociones.

Gardado en:
Detalles Bibliográficos
Autor Principal: Ahmed, Sara (autora)
Outros autores: Olivares Mansuy, Cecilia (traducción)
Formato: Unknown
Idioma:inglés
Publicado: Coyoacán, México: Universidad Nacional Autónoma de México; Centro de Investigaciones y Estudios de Género, 2015.
Edición:Primera edición en español.
Subjects:
Tags: Engadir etiqueta
Sen Etiquetas, Sexa o primeiro en etiquetar este rexistro!

MARC

LEADER 00000 a2200000 4500
003 CL-VaPUC
005 20250407202433.0
008 230808t2015 ||||| |||| 00| 0 eng d
999 |c 441510  |d 441508 
020 |a 978-607-02-7055-0 
040 |c Pontificia Universidad Católica de Valparaíso 
082 |2 22  |a 152.4 AHM 2015 
100 |a Ahmed, Sara  |9 884039  |e autora 
245 |a La política cultural de las emociones.  
250 |a Primera edición en español. 
260 |a Coyoacán, México:  |b Universidad Nacional Autónoma de México;  |b Centro de Investigaciones y Estudios de Género,   |c 2015. 
300 |a 366 páginas. 
500 |a c.2.Instituto Arcos 8-1-2025. 
583 |k GC  |c 20230808 
650 0 |9 265224  |a Emociones   |x Lenguaje y actos de habla   |v Análisis psicológico y filosófico 
700 |9 884086  |a Olivares Mansuy, Cecilia   |e traducción 
942 |2 ddc  |c BK  |n 0 
952 |0 0  |1 0  |2 ddc  |4 0  |6 152_400000000000000_AHM_2015  |7 0  |8 A  |9 591133  |a BIBEDU  |b BIBEDU  |c GEN  |d 2023-08-04  |e 3  |g 24988.00  |i 5658317  |l 5  |o 152.4 AHM 2015  |p 5658317  |q 2025-04-30  |r 2025-04-15  |s 2025-04-15  |t 1  |v 24988.00  |w 2023-08-04  |y BK  |k LIT 
952 |0 0  |1 0  |2 ddc  |4 0  |6 152_400000000000000_AHM_2015  |7 0  |8 A  |9 601290  |a BIBINC  |b BIBINC  |d 2025-03-14  |e Instituto Arcos  |i 5666190  |o 152.4 AHM 2015  |p 5666190  |r 2025-03-14  |t 2  |w 2025-03-14  |y BK  |k IFP